<?xml version="1.0" encoding="UTF-8"?>
<record
    xmlns:xsi="http://www.w3.org/2001/XMLSchema-instance"
    xsi:schemaLocation="http://www.loc.gov/MARC21/slim http://www.loc.gov/standards/marcxml/schema/MARC21slim.xsd"
    xmlns="http://www.loc.gov/MARC21/slim">

  <leader>00867nam a2200253 a 4500</leader>
  <controlfield tag="008">951211s1981||||[C               0  slo c</controlfield>
  <datafield tag="040" ind1=" " ind2=" ">
    <subfield code="a">SNK</subfield>
    <subfield code="b">slo</subfield>
    <subfield code="c">SNK</subfield>
    <subfield code="e">AACR2</subfield>
  </datafield>
  <datafield tag="041" ind1="1" ind2=" ">
    <subfield code="a">slo</subfield>
    <subfield code="h">eng</subfield>
  </datafield>
  <datafield tag="044" ind1=" " ind2=" ">
    <subfield code="a">xo</subfield>
    <subfield code="c">SK</subfield>
  </datafield>
  <datafield tag="080" ind1=" " ind2=" ">
    <subfield code="a">820 (73)-3</subfield>
  </datafield>
  <datafield tag="100" ind1="1" ind2=" ">
    <subfield code="a">Farrell, James Thomas</subfield>
    <subfield code="4">aut</subfield>
  </datafield>
  <datafield tag="245" ind1="1" ind2="0">
    <subfield code="a">Lonigan. /Zv./ 1</subfield>
    <subfield code="b">Dospievanie &#x17E;rebca Lonigana. Ml&#xE1;denectvo &#x17E;rebca Lonigana</subfield>
    <subfield code="c">James Thomas Farrell ; Zora Jur&#xE1;kov&#xE1;, Zora Jur&#xE1;kov&#xE1;, Pavol Bla&#x17E;o, Milo&#x161; Urb&#xE1;sek</subfield>
  </datafield>
  <datafield tag="250" ind1=" " ind2=" ">
    <subfield code="a">1., vyd.</subfield>
  </datafield>
  <datafield tag="260" ind1=" " ind2=" ">
    <subfield code="a">Bratislava</subfield>
    <subfield code="b">Tatran</subfield>
    <subfield code="c">1981</subfield>
    <subfield code="e">Bratislava</subfield>
    <subfield code="f">Svornos&#x165;</subfield>
  </datafield>
  <datafield tag="300" ind1=" " ind2=" ">
    <subfield code="a">543 s., 32,93 AH</subfield>
    <subfield code="c">21 cm</subfield>
  </datafield>
  <datafield tag="490" ind1="0" ind2=" ">
    <subfield code="a">Svetov&#xE1; tvorba</subfield>
    <subfield code="v">Zv. 146.</subfield>
  </datafield>
  <datafield tag="500" ind1=" " ind2=" ">
    <subfield code="a">Ilustr. na front. Cena za 1. a 2. zv. 80 K&#x10D;s.</subfield>
  </datafield>
  <datafield tag="700" ind1="1" ind2=" ">
    <subfield code="a">Jur&#xE1;kov&#xE1;, Zora</subfield>
    <subfield code="4">trl</subfield>
  </datafield>
  <datafield tag="700" ind1="1" ind2=" ">
    <subfield code="a">Jur&#xE1;kov&#xE1;, Zora</subfield>
    <subfield code="4">[ADC]</subfield>
  </datafield>
  <datafield tag="700" ind1="1" ind2=" ">
    <subfield code="a">Bla&#x17E;o, Pavol</subfield>
    <subfield code="4">bkd</subfield>
  </datafield>
  <datafield tag="700" ind1="1" ind2=" ">
    <subfield code="a">Urb&#xE1;sek, Milo&#x161;</subfield>
    <subfield code="4">bkd</subfield>
  </datafield>
  <datafield tag="020" ind1=" " ind2=" ">
    <subfield code="c">80</subfield>
  </datafield>
  <datafield tag="958" ind1=" " ind2=" ">
    <subfield code="a">A</subfield>
  </datafield>
  <datafield tag="999" ind1=" " ind2=" ">
    <subfield code="c">10588</subfield>
    <subfield code="d">10588</subfield>
  </datafield>
  <datafield tag="952" ind1=" " ind2=" ">
    <subfield code="0">0</subfield>
    <subfield code="1">0</subfield>
    <subfield code="2">udc</subfield>
    <subfield code="4">0</subfield>
    <subfield code="7">0</subfield>
    <subfield code="8">K</subfield>
    <subfield code="a">10000</subfield>
    <subfield code="b">10000</subfield>
    <subfield code="d">2019-11-29</subfield>
    <subfield code="g">80.00</subfield>
    <subfield code="i">09959</subfield>
    <subfield code="l">1</subfield>
    <subfield code="o">B 4138</subfield>
    <subfield code="p">B4138</subfield>
    <subfield code="r">2024-12-06</subfield>
    <subfield code="s">2024-09-27</subfield>
    <subfield code="w">2019-11-29</subfield>
    <subfield code="y">KLDO</subfield>
  </datafield>
</record>
